🇵🇱 Drogowskazy #2 - Statystyki

Ogólne statystyki
  • Ten quiz został rozwiązany 30 razy
  • Średni wynik to 7 z 16
Statystyki odpowiedzi
Obrazkowy Odpowiedź % Poprawnych
Toruń (ul. Przy Kaszowniku)
81%
Suwałki (ul. Kościuszki)
76%
Racibórz (ul. Bogumińska)
57%
Gorzów Wlkp. (ul. Podmiejska)
52%
Nowy Sącz (ul. Beliny-Prażmowskiego)
52%
Ostrołęka (ul. Warszawska)
48%
Szczecin (ul. Gryfińska)
48%
Ełk (ul. Grajewska)
43%
Konin (ul. Przemysłowa)
43%
Lublin (al. Racławickie)
43%
Olsztyn (ul. Bałtycka)
43%
Sandomierz (ul. Kwiatkowskiego)
43%
Końskie (ul. Spacerowa)
38%
Dębno (plac Konstytucji)
14%
Mszczonów (ul. Wschodnia)
14%
Wyszków (ul. Warszawska)
14%
Nie znaleziono quizów pasujących do podanych kryteriów
Rozkład punktacji
Procent ludzi z każdym wynikiem
Percentyl według liczby udzielonych odpowiedzi
Twoja historia wyników
Nie rozwiązałeś tego quizu